Kapucíni na Slovensku 1674, 1987, 2017

Podrobná bibliografia
Hlavný autor: Tkáčik, Ladislav, 1973- (Autor, Fotograf)
Médium: Kniha
Jazyk:slovenčina
Fyzický popis:109 strán fotografie 23 cm
Vydavateľské údaje: Bratislava Kapucíni na Slovensku Minor 2017
ISBN:9788089888016
Predmet:

MARC

LEADER 00000cam a2200000 4500
001 vtls011750480
003 SK-MaSNL
005 20260425223837.0
008 200104s2017 xo o g n 000 0 slo
015 |a SNBA2018/06 
020 |a 9788089888016  |q (brožované) 
035 |a urn:nbn:sk:snk-am00d3cu 
035 |a urn:nbn:sk:snk-am3hk9z 
035 |a D7B61817-6D6F-45EB-8581-FBBA48572AAB 
040 |a SNK  |b slo  |c SNK  |e rda 
041 0 |a slo 
043 |a e-xo--- 
044 |a xo  |c SK 
072 7 |a 27-78  |x Kresťanské združenia, spolky a organizácie. Rehoľné rády  |2 konspekt 
080 |a 27-789.325  |2 2011 
080 |a 27-9  |2 2011 
080 |a (437.6)  |2 2011 
080 |a (048.8)  |2 2011 
100 1 |a Tkáčik, Ladislav,  |d 1973-  |4 aut  |4 pht  |9 57643 
245 1 0 |a Kapucíni na Slovensku  |b 1674, 1987, 2017  |c Ladislav Tkáčik 
264 1 |a Bratislava  |b Kapucíni na Slovensku  |b Minor  |c 2017 
300 |a 109 strán  |b fotografie  |c 23 cm 
336 |a text  |b txt  |2 rdacontent 
337 |a bez média  |b n  |2 rdamedia 
338 |a zväzok  |b nc  |2 rdacarrier 
500 |a Vychádza pri príležitosti 30. výročia založenia Slovenskej provincie menších bratov kapucínov Nepoškvrneného Srdca Panny Márie 
500 |a Chronológia dejín kapucínov na Slovensku 
504 |a Bibliografia na strane 105-109 ; bibliografické odkazy 
600 1 7 |a František z Assisi,  |c svätý,  |d 1182-1226  |2 SNKMA  |9 157754 
650 0 7 |a kapucíni  |2 SNKPH  |9 49892 
650 0 7 |a cirkevné dejiny  |2 SNKPH  |9 3909 
650 0 7 |a Capuchins  |2 SNKPHeng  |9 275937 
650 0 7 |a Church history  |2 SNKPHeng  |9 266918 
651 7 |a Slovensko  |2 SNKPHgeo  |9 14231 
651 7 |a Slovakia  |2 SNKPHeng  |9 92630 
655 7 |a monografie  |2 SNKPH  |9 70139 
655 7 |a Monographs  |2 SNKPHeng  |9 120675 
919 |a 978-80-89888-01-6 
958 |a NT 
958 |a NB 
999 |c 597141  |d 599071 
952 |a SNK  |b SNK  |y NEVYP  |7 1  |p 17A1330692  |o snkSC 179529  |i snk2018/10873  |8 0  |0 0  |1 0  |4 0  |d 2018-05-18  |f 1  |l 0  |r 2026-02-23 15:43:19  |w 2026-02-23 
952 |a SNK  |b SNK  |y VYP  |7 0  |p 17A1330693  |o snkSC 179529 D1  |i snk2018/10874  |8 0  |0 0  |1 0  |4 0  |d 2018-05-18  |l 0  |r 2026-02-23 15:43:19  |w 2026-02-23